| 000 | 00848nac a22002171u 4500 | ||
|---|---|---|---|
| 008 | 100511t xxu||||| |||| 00| 0 eng d | ||
| 010 | _a2003044695 | ||
| 020 | _a078174315X | ||
| 082 | 0 | 0 |
_a611 _bSNE |
| 100 |
_aSnell, Richard S. _913856 |
||
| 245 | 1 | 0 |
_aClinical anatomy / _cRichard S. Snell. |
| 250 | _a7th ed. | ||
| 260 |
_aPhiladelphia : _bLippincott Williams & Wilkins, _cc2004. |
||
| 300 |
_ax, 1012 p. : _bill. (some col.) ; _c28 cm. |
||
| 500 | _aIncludes index. | ||
| 500 | _aPreviously published under title: Clinical anatomy for medical students. | ||
| 650 | 0 |
_aHuman anatomy. _913857 |
|
| 700 | 1 |
_aSnell, Richard S. _913858 |
|
| 942 |
_cNRB _k611SNE _2ddc |
||
| 999 |
_c1627 _d1627 |
||